000 00941nam a22002897a 4500
001 BR7404075
003 BR-BrBNA
005 20230928084600.0
007 ta
008 230509b bl.||||| |||| 00| 0 por d
040 _aBR-BrBNA
_bpor
_cBiblioteca Nacional de Agricultura
041 _a(Por)
072 _aL10
_b5212
_b/G514
090 _ 5212 BR7404075
100 1 _aSampaio, N. de S.
110 1 _aSuperintendencia da Agricultura e Producao, Aracaju, SE (Brasil)
_910012
245 1 _aIntroducao ao julgamento e melhoramento das racas zebuinas [Brasil]
_bCurso promovido pela SUDAP em julho 1973 oferecido aos tecnicos e selecionadores das racas zebuinas do Estado de Sergipe
260 3 _aAracaju, SE (Brasil):
_c1973.
300 _a81 p.
650 _aGADO ZEBU
650 _aGENETICA ANIMAL
650 _aRACA
650 _aREPRODUCAO ANIMAL
650 _aSERGIPE
909 _a202309
_bLucia
_c55
_dLucia Elande
942 _cBK
999 _c19898
_d19898